[Event "17th European Individual Championship"]
[Site "?"]
[Date "2016.05.23"]
[Round "11.3"]
[White "Jobava, Baadur"]
[Black "Wojtaszek, Radoslaw"]
[Result "1-0"]
[WhiteElo "2661"]
[BlackElo "2722"]
[EventDate "2016.??.??"]
[Annotator "Bojkov,Dejan"]
[PlyCount "113"]
[Beauty "6597069767173"]
[EventType "team-tourn"]
[WhiteClock "1:10:57"]
[BlackClock "0:17:47"]

1.c4 Nf6 2.Nc3 e6 3.e4 d5 4.e5 d4 5.exf6 dxc3 6.dxc3 {The always-creative Jobava finds a way to surprise the always-well-prepared Wojtaszek.} ( {The main line is} 6.bxc3 Qxf6 7.d4 {when} 7...Nc6 8.Nf3 e5 9.Bg5 Qg6 10.d5 Nb8 11.h4 {is quite topical these days, Nakamura,H (2787)-Caruana, F (2795) Saint Louis 2016} ) 6...Qxd1+ {Simple and good. Black experienced some problems after} ( 6...Qxf6 7.Nf3 h6 8.Be3 Nc6 9.Be2 ( 9.Bd3 $5 ) 9...Bd6 10.Qc1 Qe7 11.b4 {Ungureanu,E (2325)-Markus,R (2270) Budapest 1998} ) 7.Kxd1 gxf6 {Theoretically speaking, Black's pawn structure should be better as his three pawns can easily stop White's four on the queenside. However, this is only in theory as there are still pices on the board.} 8.g3 Bd7 {The "Catalan" bishop should be tamed.} ( {The pseudo-active} 8...Bc5 {just helps White} 9.b4 Bxf2 $2 10.Nh3 Bb6 11.c5 {and the bishop's trapped.} ) 9.Bg2 Bc6 10.Bf3 {A novelty. Jobava invites Wojtaszek to trade first and develop his knight.} ( {Both predecessor gave nothing to White after:} 10.Bxc6+ Nxc6 11.Nf3 Bc5 12.Ke2 a5 13.Be3 Bxe3 14.Kxe3 Ke7 15.b3 Rad8 16.Rhd1 h5 17.a3 Ne5 18.Nxe5 {1/2-1/2 (18) Van der Auweraert,E (1976)-Lentjes,N (1946) Haarlem 2012} ) 10...Bxf3+ {Once more the simplest.} ( {Still bad is} 10...Bc5 11.b4 Bxf2 $2 ( {Although} 11...Bxf3+ 12.Nxf3 Be7 {is tricky, with the idea to block the white pawns after a7-a5.} ) 12.Bxc6+ Nxc6 13.Nh3 ) 11.Nxf3 Nc6 12.Ke2 Ne5 {The beginning of Black's problems. The e5 pawn becomes a liability. Safer was} ( 12...f5 13.Be3 Bg7 14.Rhd1 Rd8 {visually the black bishop is biting the granite, but in reality it is preventing the white pawns from going forward.} ) ( {While} 12...O-O-O 13.Be3 Be7 14.b4 {seems more pleasant for White.} ) 13.Nxe5 fxe5 14.f3 h5 15.Be3 c5 ( {White is better after} 15...f5 16.Rad1 Rd8 ( 16...Be7 ) 17.Rxd8+ Kxd8 18.Rd1+ Kc8 19.Bg5 Bg7 20.c5 ) 16.h3 f6 ( 16...f5 17.g4 {is similar.} ) 17.g4 {White generates useful pressure on the kingside.} 17...Be7 {Black cannot afford to open the "h" file.} ( 17...hxg4 18.hxg4 Rxh1 19.Rxh1 Kf7 20.Rh7+ Bg7 21.Bxc5 {with clear edge for the first player.} ) 18.Rag1 Kf7 {Another way to defend is} ( 18...b6 19.g5 f5 ( 19...fxg5 20.Bxg5 ) 20.f4 Bd6 ( {Or} 20...e4 21.Rd1 ) ) 19.g5 fxg5 {Unnecessary. Why not} ( 19...f5 {Then if} 20.g6+ ( {While} 20.h4 Kg6 {will block the position, maybe for good.} ) 20...Kg7 21.Rd1 Rhd8 22.Rhg1 b6 {the g6 pawn will suffer.} ) 20.Bxg5 Rhg8 21.Be3 {But not the rook endgame} ( 21.Bxe7 Kxe7 ) 21...Rad8 22.a4 a5 $2 {Places a pawn on the color of his bishop. Capablanca would have been very angry! White's position becomes more and more pleasant with every move and Wojtaszek loses the path. The bishop endgame after} ( 22...Rxg1 23.Rxg1 Rg8 24.Rxg8 Kxg8 25.Kd3 Kg7 26.Ke4 Bd6 27.Bf2 Kf7 28.Bg3 Kf6 29.a5 a6 30.Bh4+ Kf7 {seemed holdable as White has no way in and the two weaknesses on e5 and c5 can be defended simultaniously by the black bishop.} ) 23.Bf2 b6 24.Rxg8 Kxg8 {With the additional weaknesses on a5 and b6 Black can no longer hold the bishop endgame} ( 24...Rxg8 25.Rd1 Rd8 26.Rxd8 Bxd8 27.Kd3 Bf6 ( 27...Bc7 28.Ke4 Bd6 29.Bg3 Kf6 30.Bh4+ Kf7 31.Bd8 {and the pawns drop.} ) 28.b4 $1 {when White reaches b6 at the end.} ) 25.Rg1+ Kf7 26.Be3 {Knowing that his opponent cannot trade rooks Jobava makes a good use of the open file.} 26...Rd7 27.Bh6 Kf6 28.Rg7 Rc7 29.Rg8 {Jobava keeps maneuvering. White's winning chances are quite serious in the rook endgame after} ( 29.h4 Rd7 30.Ke3 Rc7 31.Ke4 Rd7 32.b3 Rb7 ( 32...Rc7 33.f4 exf4 34.Bxf4 Kxg7 35.Bxc7 {is just as bad as before for Black.} ) 33.Rg2 Rd7 34.Bg5+ Kf7 35.Bxe7 Rxe7 36.Rd2 $1 {I doubt that Black can hold this.} ) 29...Kf5 30.Be3 Bf6 31.Rf8 Rc6 32.Rf7 {The same policy again. The Georgian GM does not want to allow any activity to his opponent. In the line} ( 32.h4 $5 Kg6 33.Bg5 Bxg5 34.Rg8+ Kf5 35.Rxg5+ Kf4 36.Rxh5 e4 37.fxe4 Kxe4 {White wins a pawn but Black retains good drawing chances thanks to his active king.} ) 32...Kg6 33.Rd7 Bg5 {It is time for Wojtaszek to show some activity.} ( 33...Kf5 $5 {was good as well.} ) 34.Bf2 Kf5 35.Kd3 h4 36.Be3 Bf4 $2 {The long anticipated improvement of this bishop is fake. It was the rook that should have been taken care of! After} ( 36...Bf6 37.Bd2 Rc8 $1 {Black should hold since the greedy} 38.Rb7 ( 38.Rf7 Rg8 ) 38...Rg8 39.Rxb6 Rg3 {may turn tables in Black's favour.} ) 37.Rd8 ( 37.Rf7+ Kg6 {is too early.} ) 37...Rc7 {Black cannot avoid the rook endgame.} ( 37...Bxe3 38.Kxe3 {is similar to the game.} ) 38.Rf8+ Kg5 39.Bxf4+ exf4 40.Ke4 {With both his pieces clearly superior Jobava is winning.} 40...Rd7 41.Ke5 $1 {But not} ( 41.Rg8+ Kf6 42.Kxf4 Rd2 ) 41...Rd2 42.Rg8+ Kh6 43.Kf6 Kh7 44.Rg7+ Kh8 ( 44...Kh6 45.Rg4 $1 ) 45.Rg4 Kh7 {Alas, there is no time to grab pawns due to} ( 45...Rxb2 $4 46.Kf7 {and checkmate next.} ) 46.Rxh4+ Kg8 47.Rg4+ Kh7 ( {Or} 47...Kf8 48.Kxe6 Rxb2 49.Rxf4+ ) 48.Rh4+ Kg8 49.Kxe6 Rxb2 50.Rxf4 {White won two pawns and kept his pieces more active. The rest is easy.} 50...Rb3 51.Ke7 Rxc3 52.Rg4+ Kh7 53.f4 Rxh3 54.f5 Re3+ 55.Kf8 Kh6 ( 55...Rf3 56.Rh4# ) 56.f6 Kh5 57.Rg1 1-0

[Event "Ding Liren vs Wesley So"]
[Site "?"]
[Date "2016.05.07"]
[Round "3.1"]
[White "Ding, Liren"]
[Black "So, Wesley"]
[Result "1-0"]
[WhiteElo "2778"]
[BlackElo "2775"]
[EventDate "2016.??.??"]
[Annotator "Bojkov,Dejan"]
[PlyCount "75"]
[Beauty "7837375791698"]
[EventType "game"]
[WhiteClock "0:19:10"]
[BlackClock "0:05:04"]

1.d4 Nf6 2.c4 e6 3.Nf3 d5 4.Nc3 c6 5.g3 {This "Catalan Gambit" is very popular nowadays.} 5...dxc4 ( 5...Nbd7 {is a possibility, although if White insists on sacrificing the c4 pawn Black will have to capture it sooner or later. In fact the move order of the game Giri-Ivanchuk (see below) was this} 6.Bg2 dxc4 7.a4 Bb4 8.O-O ) 6.Bg2 b5 ( {Black's other choice is} 6...Nbd7 7.O-O ( 7.a4 Bb4 8.O-O O-O 9.Qc2 Qe7 10.a5 {Giri,A (2784)-Ivanchuk,V (2715) Wijk aan Zee 2015} ) 7...b5 8.e4 Bb7 9.e5 Nd5 10.Ng5 h6 {when a famous and important game saw} 11.Nxe6 {Kramnik,V (2783)-Anand,V (2791) Shamkir 2015} ) 7.Ne5 a6 {The most solid approach. The aggressive} ( 7...Nd5 8.a4 Bb4 {was basically dismissed after the theoretically important game Eljanov-Akopian, Eu Cup 2009. One fresh prove of this assessment:} 9.O-O O-O 10.axb5 Bxc3 11.bxc3 Nxc3 12.Qc2 Nxb5 13.e3 {Del Rio de Angelis,S (2484)-Beikert,G (2432) Llucmajor 2013. Black will lose all his pawns on the queenside.} ) 8.O-O Bb7 9.b3 ( {In a very recent game from the U.S. Championship which So witnessed live White got very little from the opening after} 9.a4 Be7 10.axb5 axb5 11.Rxa8 Bxa8 12.Nxb5 cxb5 13.Bxa8 O-O 14.Bg2 Qc7 {Kamsky,G (2678)-Robson,R (2663) Saint Louis 2016} ) 9...b4 ( {Giri captured instead} 9...cxb3 {against Kramnik in Doha 2014 which was evaluated as "modest but solid" by GM Stohl.} ) 10.Ne4 {Centralization. On the other hand one of the main architects of this whole line GM Gleizerov prefers to keep the knights on the board:} ( 10.Na4 {e.g.} 10...c3 11.Nc4 a5 12.a3 Ba6 13.axb4 axb4 14.Nc5 Bxc5 15.dxc5 O-O ( 15...Qxd1 16.Rxd1 O-O 17.Bf4 {Gleizerov,E (2546)-Solodovnichenko,Y (2543) Koge 2013} ) 16.Bf4 Nd5 17.Bd6 {with pressure in both cases, Gleizerov,E (2531)-Bruno,F (2413) Sibenik 2014} ) 10...Nxe4 11.Bxe4 c3 12.a3 a5 13.axb4 axb4 14.Bf4 {All of these are more or less forced as White needs to create counterplay before his opponent consolidates his position.} 14...Nd7 $1 {So correctly speeds up with development. Greed could well be a deadly sin in chess as Mr. Rowson would say:} ( 14...Rxa1 $6 15.Qxa1 Qxd4 $2 16.Rd1 $1 Qxe4 17.Qa7 {and White wins.} ) ( 14...Be7 {is not great either for the same reason:} 15.Rxa8 Bxa8 16.Qa1 Bb7 17.Qa7 {and the queen crashes in.} ) 15.Bxc6 Bxc6 16.Nxc6 Qc8 17.Rxa8 {A novelty. All of this has been seen an year ago when after} ( 17.Na5 Be7 18.d5 O-O 19.e4 exd5 20.exd5 Bc5 {White regained the pawn but was left possitionally suffering in Baron,T (2524)-Shirov,A (2702) Riga 2015} ) 17...Qxa8 18.d5 {Ding deflected the queen from the d-file and tries to attack in the middle.} 18...Bc5 {The only move.} ( 18...exd5 {is like an open invitation for the wolf in the pen.} 19.Qxd5 Be7 20.Qe4 ) ( 18...Nf6 {is bad as well due to} 19.e4 $1 Nxe4 20.Qd3 {followed by Qd3-b5 or Qd3-c4 and Rf1-e1 when the black king would hardly make it to the kingside.} ) 19.Qd3 O-O {Once again the only move. Black cannot castle after} ( 19...Qc8 20.Be3 $1 {since} 20...O-O 21.Bxc5 Nxc5 22.Qb5 {drops at least a piece.} ) 20.dxe6 Qxc6 21.exd7 Rd8 22.Rd1 Bb6 {So sacrificed a pawn but has good compensation thanks to the defended passer on c3. Black's ideas include an attack against the lonely b3 pawn and some back rank checkmate ideas.} 23.e4 h6 24.h4 {Ding sequres himself against the possible g7-g5 nastystness. Plan "A" for Black is seen in the line:} ( 24.e5 Qe6 {when White has difficulties with the defense of the b3 pawn} 25.Qd6 ( 25.Qd5 $2 {even loses to} 25...c2 26.Rd3 Qf5 $1 {with the unstoppable threat of Qf5xf4!} 27.Kg2 Qxf4 ( {Or even} 27...g5 $1 ) ) 25...Qxb3 26.Re1 Qe6 ) 24...Qe6 25.Qd5 Qg4 $1 {An ambitious move. The queen is ready to help the c-passer and to attack the white king. Safer was:} ( 25...c2 26.Rc1 ( {Or} 26.Rd3 Qf6 ) 26...Qxd5 27.exd5 Rxd7 28.Rxc2 Rxd5 29.Rc6 Bc5 {when White is a tad better but it should be a draw.} ) 26.Kg2 $1 {Ding is alert. The careless} ( 26.Rd3 Qe2 $1 {would give the win to Black.} ) 26...c2 ( {Now} 26...Qe2 {is answered} 27.Rf1 ) 27.Rc1 Qe2 $2 {So got overambitious, or simply missed something. The logical result of this interesting battle would have been a draw after the forced:} ( 27...Rxd7 28.Qb5 Qe6 29.Qxb4 Rd4 30.Qc3 Qxe4+ 31.Qf3 ( {but not} 31.Kh2 $4 Rd1 {when plan "B" works nicely for Black.} ) 31...Qxf3+ 32.Kxf3 Rd3+ 33.Ke2 Rxb3 34.Rxc2 ) 28.Rf1 Bc7 29.e5 $1 {The only move White, but sufficient!} ( 29.Bxc7 $2 {would have lost to} 29...Qxf1+ 30.Kxf1 c1=Q+ 31.Kg2 Qxc7 ) ( {While the retreat} 29.Be3 {will be met with the beautiful strike} 29...Bxg3 $1 {and since} 30.Kxg3 Qxf1 {is bad it is Black who is on top.} ) 29...Qg4 30.Rc1 Rxd7 31.Qa8+ Rd8 32.Qc6 {But now that the c-pawn is no longer defended it is getting an easy prey for the black pieces.} 32...g5 {Desperation.} ( {Instead} 32...Bb8 33.Rxc2 {is a solid extra pawn for White and technically won position.} ) 33.e6 $1 {Ding is very precise with his calculation as usual.} ( 33.hxg5 hxg5 34.Be3 Bxe5 ) 33...gxf4 ( 33...Bxf4 34.e7 $1 {was White's point.} ) 34.Qxc7 f3+ ( {Or} 34...Rf8 35.e7 f3+ 36.Kh2 Re8 37.Qd8 Qc8 38.Qxc8 Rxc8 39.Rxc2 ) 35.Kh2 Rd2 36.Rxc2 Rxc2 37.exf7+ Kg7 38.Qxc2 {So resigned as he loses a second pawn after} ( 38.Qxc2 Kxf7 39.Qh7+ ) 1-0

[Event "Russian Team Championship"]
[Site "?"]
[Date "2016.05.07"]
[Round "7.2"]
[White "Nepomniachtchi, Ian"]
[Black "Grischuk, Alexander"]
[Result "1-0"]
[WhiteElo "2703"]
[BlackElo "2752"]
[EventDate "2016.??.??"]
[Annotator "Bojkov,Dejan"]
[PlyCount "75"]
[Beauty "7835765186088"]
[EventType "team-tourn"]
[WhiteClock "0:30:27"]
[BlackClock "0:01:06"]

1.e4 c5 2.Nf3 d6 3.d4 cxd4 4.Nxd4 Nf6 5.Nc3 a6 6.h3 {Nepomniachtchi and Grischuk had already discussed this line in a rapid game.} 6...e6 {That game went:} ( 6...Nc6 7.g4 Qb6 8.Nb3 e6 9.g5 Nd7 10.h4 Qc7 11.f4 b5 12.Bg2 Bb7 {eventually ended in a draw, Nepomniachtchi,I (2730)-Grischuk,A (2792) Dubai 2014} ) 7.g4 Be7 {The classical approach to the flank attack should be a central strike with} ( 7...d5 {which is quite playable, although after} 8.Bg2 Nxe4 9.Nxe4 dxe4 10.Bxe4 {White gets a good version of the French Rubinstein pawn structure with his light-squared bishop working nicely on the long diagonal. One example:} 10...Nd7 11.c3 Qc7 12.Qe2 Be7 13.Be3 Nf6 14.Bg2 {and White looks very comforable, Ponomariov,R (2714)-Vachier Lagrave,M (2758) Beijing 2014} ) 8.g5 Nfd7 9.Be3 b5 10.a3 Bb7 11.h4 {With Grischuk's approach the game has a distinct Sicilian flavor. Soon both kings will castle in opposite directions and the same old question "who is faster?" will dominate the conversation.} 11...Nc6 ( {Black deviates from a recent top game:} 11...O-O 12.Qd2 Nb6 13.h5 N8d7 14.g6 {as in Karjakin,S (2760)-Topalov,V (2780) Moscow 2016.} ) 12.Qd2 Rc8 {As usual Black is not in a huge hurry to castle.} 13.Nxc6 Rxc6 14.O-O-O O-O {Now he does.} 15.Kb1 Ne5 16.Rh3 {A common maneuver which prevents the trouble along the long diagonal and protects the knight on c3 from the exchange sacrifice. And at the same time it's a brand new concept, at least for me. As far as I know in similar situations White likes to keep his dark-squared bishop on the board. The main reason is that this bishop can be very handy for the attack once that it occupies the long diagonal. So far seven correspondence games saw the move} ( 16.f4 {with good results for the first player, e.g.} 16...Nc4 17.Bxc4 Rxc4 18.Bd4 {e.g. Yamaliev,V (2438)-Marez,S (2444) corr. 2012} ) 16...Nc4 17.Qe1 Nxe3 {Grischuk hurries to get rid of the mighty bishop. Perhaps it made sense to seek some counterplay first with} ( 17...f6 18.Rg3 Nxe3 19.Qxe3 fxg5 20.hxg5 ) 18.Rxe3 Qc8 19.f4 {We can appreciate Nepomniachtchi's idea now. The rook on e3 stabilizes White's position and provides him enough time to advance his pawns on the kingside. At the same time the black pawns are quite static.} 19...Bd8 20.f5 Ba5 {Black seeks counterplay with the pin, but...} 21.b4 $1 {Keeps things under control. This looks better than} ( 21.Bh3 Bxc3 22.bxc3 e5 23.f6 {which is the computer's suggestion.} ) 21...Bb6 22.Red3 exf5 ( {Or} 22...Rc4 23.fxe6 fxe6 24.Bh3 Re8 25.Qd2 {when Black finds it hard to make moves. If} 25...Bxe4 26.Nxe4 Rxe4 27.Rxd6 {leaves White dominating.} ) 23.exf5 Re8 {The greedy} ( 23...Qxf5 $2 {loses after} 24.Nd5 ) 24.Qd2 Rc4 {Once again} ( 24...Qxf5 $2 {is plain wrong to another fork} 25.Bh3 Qe5 26.Bd7 ) 25.g6 {A logical continuation of the attack. White had a pleasant choice though:} ( 25.h5 $5 {with the idea} 25...Qxf5 26.Rxd6 Rc6 27.Re1 $1 {Then the problems of the weak back rank force Black to retreat} 27...Qc8 {which will lead to a pleasant endgame for White after} 28.Rxe8+ Qxe8 29.Bg2 Rxd6 30.Qxd6 Bxg2 31.Qxb6 ) 25...hxg6 {The same problems of the back rank become obvious after:} ( 25...fxg6 26.fxg6 h6 27.Bh3 Qc7 28.Re1 $1 Rxe1+ 29.Qxe1 {When} 29...Qd8 {fails to} 30.Rxd6 $1 Qxd6 31.Qe8+ Qf8 32.Be6+ {and mate.} ) 26.fxg6 fxg6 27.Nd5 $1 {Nepomniachtchi looks for an attack with opposite-colored bishops.} 27...Bxd5 ( {It is hard to tolerate this knight, but maybe Grischuk should have tried} 27...Ba7 28.Bh3 Qd8 29.Qg2 {although White is clearly better here as well.} ) 28.Rxd5 Rxh4 $2 {Grischuk's best chance was the rook endgame after} ( 28...Be3 $5 29.Bxc4 Bxd2 30.Rc5+ bxc4 31.Rxc8 Rxc8 32.Rxd2 {with good practical chances to survive.} ) 29.Rxd6 Be3 30.Qd5+ Kh8 31.Bd3 {The dominating position of all the white pieces and the deadly threats on both the back rank and the h-file make Black's survival impossible. On top of that Grischuk was typically low on time. This however did not prevent him of finding an amazing resource:} 31...Bd4 $1 {Everything else is very grim:} ( 31...Qc3 32.Rh1 Rxh1+ 33.Qxh1+ Bh6 34.Ka2 $1 ) ( 31...Bf4 32.Rxg6 ) 32.Rh1 {After some four minutes of reflection White falls into it.} ( 32.Bxg6 $1 {was winning as we shall see a bit later.} ) 32...Qh3 $1 33.Rd1 $1 {Admitting the mistake. If} ( 33.Rxh3 {Black has a cute escape} 33...Re1+ 34.Ka2 Ra1+ 35.Kb3 Rb1+ {with perpetual.} ) 33...Qg3 ( {Grischuk knows that Nepomniachtchi will not repeat the moves after} 33...Qc8 {and tries another tactical idea.} ) ( {Objectively best was} 33...Qg4 34.Rf1 {although it is hard to believe that Black can survive this.} ) 34.Bxg6 $1 {Well calculated!} 34...Qc3 ( 34...Qxa3 35.Qxd4 Rxd4 36.R6xd4 {would be similar to what happened in the game.} ) 35.Qxd4 $3 {The point behind White's combination. The two rooks and the bishop are good enough to handle the situation. In comparison} ( 35.Rxd4 Re1+ 36.Rd1 Rxd1+ 37.Qxd1 {would walk into Grischuk's second devilish trap} 37...Rxb4+ $1 38.axb4 Qxb4+ 39.Kc1 Qa3+ 40.Kd2 Qxd6+ 41.Bd3 Qb4+ {and it is highly doubtful that White can win this.} ) 35...Rxd4 36.R6xd4 {The back-rank checkmate idea forces...} 36...Rf8 {...but then the trouble comes from aside:} ( 36...Qc8 37.Bxe8 Qxe8 38.Rd8 ) 37.Rh4+ Kg8 38.Rdh1 {Ironically, the rook which saved the king from the back-rank mate is blocking its way out.} 1-0